000 01232nam a2200241Ia 4500
999 _c37906
_d37906
001 3884
003 GE_BSU
005 20241007163505.0
008 181216s1956||||ge |||||||||||||| ||geo||
040 _cGE_BSU
041 _ageo
080 _a1(479.22)(091) ნ-99
100 _aნუცუბიძე, შალვა
_93684
245 _aქართული ფილოსოფიის ისტორია :
_bტ. 1 /
_cრედ. შ. ხიდაშელი; საქ. სსრ მეცნ. აკად., ფილოსოფიის ინ-ტი.
264 _a თბ.
_bაქ. სსრ მეცნ. აკად. გამ-ბა,
_c1956.
300 _a536 გვ. ;
_b26 სმ.
501 _aდანართი: "საძიებლები", გვ. 488-534.
546 _aგაშლილი თავფ. რუს. ენაზე.
653 _aქართული ფილოსოფიის ისტორია
700 _aხიდაშელი, შ.
_eრედაქტორი
_93726
856 _uhttps://dspace.nplg.gov.ge/bitstream/1234/435461/1/Qartuli_Filosofiis_Istoria_1956_Tomi_I.pdf
_yელექტრონული ვერსია
942 _cBK
_2udc